| 000 | 00436nab a22001457a 4500 | ||
|---|---|---|---|
| 001 | T027600012633-03 | ||
| 008 | 190830b xxu||||| |||| 00| 0 esp | | ||
| 040 |
_aFEVP _cFEVP |
||
| 100 | _aAlvarado Rangel, Ángel | ||
| 245 | _aEstimación multivariada de la brecha producto inflacionaria: caso Venezuela. | ||
| 300 | _app. 95-119 | ||
| 650 | _aCiudad y Tecnología-- Rio de Janeiro | ||
| 700 | _aBustamante Albornoz, Pablo. | ||
| 942 | _cANL | ||
| 999 |
_c17880 _d17880 |
||